00586nam a2200205Ia 4500003000900000008004100009020001800050040001600068080002200084100002100106245007600127260003400203300001400237490003900251650001800290650001800308650001400326650002200340700001800362IN-BaIIA211028s9999 xx 000 0 eng d a3-540-42885-2 cIIA Library a52-17:519.68bSTA aStarck, Jean-Luc 0aAstronomical image and data analysiscJean-Luc Starck and Fionn Murtagh aBerlinbSpringer-Verlagc2002 axi, 289p. aAstronomy and astrophysics library aData analysis aDeconvoluiton aFiltering aImage compression aMurtagh,Fionn